[Event "DEM U16w 2018"]
[Site "Willingen GER"]
[Date "2018.05.24"]
[Round "7"]
[White "Müdder, Melanie"]
[Black "Ziegenfuß, Larissa"]
[Result "1/2-1/2"]
[Termination "normal"]
[Board "4"]
[WhiteElo "1871"]
[BlackElo "1671"]
[WhiteClock "00:07:44"]
[BlackClock "00:15:59"]
[PlyCount "102"]
[WhiteFideId "12994103"]
[BlackFideId "12974722"]
[EventCountry "GER"]
[EventRounds "9"]
[EventType "swiss"]
[EventDate "2018.05.19"]

1. e4 {[%clk 1:30:58]} 1... c5 {[%clk 1:30:55]} 2. Nf3 {[%clk 1:31:19]} 2... e6
{[%clk 1:31:19]} 3. Nc3 {[%clk 1:31:36]} 3... Nc6 {[%clk 1:31:23]} 4. d4 {
[%clk 1:31:57]} 4... cxd4 {[%clk 1:31:34]} 5. Nxd4 {[%clk 1:32:18]} 5... Qc7 {
[%clk 1:31:23]} 6. Qd3 {[%clk 1:32:32]} 6... Nf6 {[%clk 1:30:28]} 7. Ndb5 {
[%clk 1:32:00]} 7... Qb8 {[%clk 1:29:42]} 8. Qg3 {[%clk 1:31:37]} 8... Qxg3 {
[%clk 1:23:43]} 9. hxg3 {[%clk 1:31:45]} 9... Kd8 {[%clk 1:19:07]} 10. Bf4 {
[%clk 1:16:33]} 10... e5 {[%clk 1:14:50]} 11. Bg5 {[%clk 1:13:49]} 11... a6 {
[%clk 0:59:20]} 12. Na3 {[%clk 1:13:23]} 12... b5 {[%clk 0:45:15]} 13. Nab1 {
[%clk 1:07:22]} 13... Be7 {[%clk 0:42:13]} 14. Bxf6 {[%clk 0:57:41]} 14... Bxf6
{[%clk 0:42:33]} 15. Nd2 {[%clk 0:53:31]} 15... Nd4 {[%clk 0:40:06]} 16. O-O-O
{[%clk 0:48:06]} 16... Bb7 {[%clk 0:37:37]} 17. Kb1 {[%clk 0:42:23]} 17... Rc8
{[%clk 0:35:01]} 18. Bd3 {[%clk 0:39:06]} 18... Bg5 {[%clk 0:31:16]} 19. Nf3 {
[%clk 0:30:20]} 19... Nxf3 {[%clk 0:30:40]} 20. gxf3 {[%clk 0:30:43]} 20... h6
{[%clk 0:28:49]} 21. Rh5 {[%clk 0:25:37]} 21... Kc7 {[%clk 0:26:05]} 22. Rhh1 {
[%clk 0:18:58]} 22... Bc6 {[%clk 0:23:50]} 23. Be2 {[%clk 0:18:25]} 23... Rhe8
{[%clk 0:22:22]} 24. Nd5+ {[%clk 0:14:43]} 24... Bxd5 {[%clk 0:21:25]} 25. Rxd5
{[%clk 0:15:07]} 25... d6 {[%clk 0:18:16]} 26. Rhd1 {[%clk 0:14:12]} 26... Red8
{[%clk 0:16:46]} 27. a4 {[%clk 0:13:13]} 27... bxa4 {[%clk 0:15:51]} 28. Ra5 {
[%clk 0:12:46]} 28... Ra8 {[%clk 0:15:03]} 29. Rxa4 {[%clk 0:12:20]} 29... g6 {
[%clk 0:12:02]} 30. Rxa6 {[%clk 0:09:46]} 30... Rxa6 {[%clk 0:11:42]} 31. Bxa6
{[%clk 0:09:51]} 31... h5 {[%clk 0:11:38]} 32. Bc4 {[%clk 0:08:41]} 32... Rf8 {
[%clk 0:11:10]} 33. Rh1 {[%clk 0:07:55]} 33... Kd7 {[%clk 0:07:39]} 34. b4 {
[%clk 0:07:17]} 34... Bd2 {[%clk 0:06:13]} 35. b5 {[%clk 0:06:37]} 35... Bb4 {
[%clk 0:05:41]} 36. g4 {[%clk 0:05:02]} 36... hxg4 {[%clk 0:05:15]} 37. fxg4 {
[%clk 0:05:20]} 37... Bc5 {[%clk 0:05:34]} 38. f3 {[%clk 0:05:06]} 38... Bd4 {
[%clk 0:04:27]} 39. Bd5 {[%clk 0:04:06]} 39... Ke7 {[%clk 0:03:37]} 40. Rh7 {
[%clk 0:03:23]} 40... Kf6 {[%clk 0:03:02]} 41. Ka2 {[%clk 0:01:24]} 41... Ke7 {
[%clk 0:00:43]} 42. Kb3 {[%clk 0:29:06]} 42... Bc5 {[%clk 0:30:36]} 43. Ka4 {
[%clk 0:27:29]} 43... Bb6 {[%clk 0:30:38]} 44. Kb4 {[%clk 0:26:17]} 44... Kf6 {
[%clk 0:30:17]} 45. c4 {[%clk 0:23:14]} 45... Ke7 {[%clk 0:29:26]} 46. Rh2 {
[%clk 0:21:56]} 46... Kd7 {[%clk 0:27:33]} 47. Rh1 {[%clk 0:20:19]} 47... Kd8 {
[%clk 0:27:29]} 48. Bc6 {[%clk 0:18:52]} 48... Kc7 {[%clk 0:26:25]} 49. Ra1 {
[%clk 0:15:14]} 49... Rh8 {[%clk 0:23:43]} 50. Bd5 {[%clk 0:10:47]} 50... f6 {
[%clk 0:16:04]} 51. Rf1 {[%clk 0:07:44]} 51... g5 {[%clk 0:15:59]} 1/2-1/2

[Event "DEM U16w 2018"]
[Site "Willingen GER"]
[Date "2018.05.24"]
[Round "7"]
[White "Bui, Ngoc Han Julia"]
[Black "Naumenko, Valerija"]
[Result "1/2-1/2"]
[Termination "normal"]
[Board "5"]
[WhiteElo "1859"]
[BlackElo "1611"]
[WhiteClock "00:02:54"]
[BlackClock "00:18:36"]
[PlyCount "99"]
[WhiteFideId "12977055"]
[BlackFideId "16222890"]
[EventCountry "GER"]
[EventRounds "9"]
[EventType "swiss"]
[EventDate "2018.05.19"]

1. e4 {[%clk 1:30:58]} 1... e5 {[%clk 1:30:56]} 2. Nf3 {[%clk 1:31:20]} 2...
Nc6 {[%clk 1:31:22]} 3. Bb5 {[%clk 1:31:39]} 3... a6 {[%clk 1:31:48]} 4. Ba4 {
[%clk 1:32:04]} 4... Nf6 {[%clk 1:32:12]} 5. d3 {[%clk 1:32:18]} 5... b5 {
[%clk 1:32:38]} 6. Bb3 {[%clk 1:32:42]} 6... Bc5 {[%clk 1:33:02]} 7. O-O {
[%clk 1:32:41]} 7... d6 {[%clk 1:33:17]} 8. c3 {[%clk 1:30:37]} 8... Bb6 {
[%clk 1:28:43]} 9. a4 {[%clk 1:26:36]} 9... Rb8 {[%clk 1:27:02]} 10. axb5 {
[%clk 1:26:53]} 10... axb5 {[%clk 1:27:26]} 11. Bg5 {[%clk 1:24:15]} 11... h6 {
[%clk 1:27:48]} 12. Bh4 {[%clk 1:24:35]} 12... O-O {[%clk 1:27:28]} 13. Re1 {
[%clk 1:20:50]} 13... Be6 {[%clk 1:12:42]} 14. Bc2 {[%clk 1:16:43]} 14... Ne7 {
[%clk 1:06:01]} 15. d4 {[%clk 1:10:26]} 15... Ng6 {[%clk 1:05:49]} 16. Bg3 {
[%clk 1:06:00]} 16... Bg4 {[%clk 1:01:23]} 17. dxe5 {[%clk 0:43:47]} 17... Bxf3
{[%clk 0:59:34]} 18. Qxf3 {[%clk 0:43:28]} 18... dxe5 {[%clk 0:57:55]} 19. Rd1
{[%clk 0:35:33]} 19... Qe7 {[%clk 0:58:11]} 20. Nd2 {[%clk 0:35:04]} 20... Rfd8
{[%clk 0:51:36]} 21. Nf1 {[%clk 0:32:23]} 21... Qe6 {[%clk 0:50:23]} 22. Ne3 {
[%clk 0:28:31]} 22... Ne7 {[%clk 0:45:04]} 23. Bh4 {[%clk 0:21:19]} 23... Ra8 {
[%clk 0:32:13]} 24. Bxf6 {[%clk 0:16:41]} 24... Qxf6 {[%clk 0:25:43]} 25. Qxf6
{[%clk 0:15:25]} 25... gxf6 {[%clk 0:26:07]} 26. Rxa8 {[%clk 0:14:48]} 26...
Rxa8 {[%clk 0:26:29]} 27. Bb3 {[%clk 0:14:59]} 27... Bxe3 {[%clk 0:24:29]} 28.
fxe3 {[%clk 0:15:24]} 28... Kf8 {[%clk 0:21:40]} 29. g4 {[%clk 0:12:53]} 29...
c5 {[%clk 0:16:52]} 30. Bd5 {[%clk 0:09:45]} 30... Rd8 {[%clk 0:13:36]} 31. Kf2
{[%clk 0:09:38]} 31... c4 {[%clk 0:12:46]} 32. Ke2 {[%clk 0:09:24]} 32... Rd6 {
[%clk 0:12:26]} 33. b3 {[%clk 0:08:16]} 33... Nxd5 {[%clk 0:12:22]} 34. exd5 {
[%clk 0:06:06]} 34... cxb3 {[%clk 0:12:36]} 35. e4 {[%clk 0:05:41]} 35... Ra6 {
[%clk 0:12:34]} 36. Rb1 {[%clk 0:05:17]} 36... Ra2+ {[%clk 0:05:32]} 37. Kf3 {
[%clk 0:05:11]} 37... b2 {[%clk 0:03:10]} 38. Ke3 {[%clk 0:04:28]} 38... Ke7 {
[%clk 0:02:16]} 39. Kd3 {[%clk 0:03:55]} 39... Kd6 {[%clk 0:02:15]} 40. Kc2 {
[%clk 0:03:15]} 40... Ra4 {[%clk 0:02:36]} 41. Re1 {[%clk 0:29:00]} 41... b4 {
[%clk 0:27:03]} 42. Kxb2 42... bxc3+ {[%clk 0:27:24]} 43. Kxc3 {[%clk 0:25:54]}
43... Ra3+ {[%clk 0:27:35]} 44. Kb2 44... Rh3 {[%clk 0:23:59]} 45. Re2 { [%clk
0:21:55]} 45... h5 {[%clk 0:23:58]} 46. Rf2 {[%clk 0:06:26]} 46... hxg4 { [%clk
0:21:05]} 47. Rxf6+ {[%clk 0:06:33]} 47... Ke7 {[%clk 0:21:27]} 48. Rf5 48...
Rxh2+ {[%clk 0:20:28]} 49. Kc3 {[%clk 0:04:24]} 49... f6 {[%clk 0:18:36]} 50.
Rf1 {[%clk 0:02:54]} 1/2-1/2

[Event "DEM U16w 2018"]
[Site "Willingen GER"]
[Date "2018.05.24"]
[Round "7"]
[White "Flach, Helene"]
[Black "Wong, Kar Yan"]
[Result "1-0"]
[Termination "normal"]
[Board "6"]
[WhiteElo "1891"]
[BlackElo "1746"]
[WhiteClock "00:05:30"]
[BlackClock "01:19:11"]
[PlyCount "77"]
[WhiteFideId "12929735"]
[BlackFideId "12971855"]
[EventCountry "GER"]
[EventRounds "9"]
[EventType "swiss"]
[EventDate "2018.05.19"]

1. e4 {[%clk 1:30:58]} 1... e6 {[%clk 1:30:54]} 2. d4 {[%clk 1:31:21]} 2... d5
{[%clk 1:31:22]} 3. Nd2 {[%clk 1:30:57]} 3... Nf6 {[%clk 1:30:16]} 4. e5 {
[%clk 1:31:20]} 4... Nfd7 {[%clk 1:30:44]} 5. Bd3 {[%clk 1:31:22]} 5... c5 {
[%clk 1:31:08]} 6. c3 {[%clk 1:31:46]} 6... Nc6 {[%clk 1:31:26]} 7. Ne2 { [%clk
1:32:02]} 7... cxd4 {[%clk 1:31:47]} 8. cxd4 {[%clk 1:32:27]} 8... f6 { [%clk
1:32:05]} 9. exf6 {[%clk 1:31:20]} 9... Nxf6 {[%clk 1:31:52]} 10. Nf3 { [%clk
1:30:03]} 10... Bd6 {[%clk 1:32:14]} 11. O-O {[%clk 1:24:48]} 11... Qc7 { [%clk
1:32:41]} 12. Bg5 {[%clk 1:23:07]} 12... O-O {[%clk 1:32:59]} 13. Qc2 { [%clk
1:21:37]} 13... h6 {[%clk 1:32:00]} 14. Bh4 {[%clk 1:22:04]} 14... Nh5 { [%clk
1:31:20]} 15. Bh7+ {[%clk 1:22:28]} 15... Kh8 {[%clk 1:31:39]} 16. Bg6 { [%clk
1:22:52]} 16... Rxf3 {[%clk 1:31:53]} 17. Bxh5 {[%clk 1:23:12]} 17... Rf5
{[%clk 1:31:45]} 18. Bg6 {[%clk 1:20:30]} 18... Bxh2+ {[%clk 1:32:04]} 19. Kh1
{[%clk 1:20:55]} 19... Bd6 {[%clk 1:32:29]} 20. Bxf5 {[%clk 1:20:02]} 20...
exf5 {[%clk 1:32:44]} 21. Rae1 {[%clk 1:17:42]} 21... Qf7 {[%clk 1:29:31]} 22.
Kg1 {[%clk 0:59:58]} 22... Bd7 {[%clk 1:29:43]} 23. Qd2 {[%clk 0:54:44]} 23...
g5 {[%clk 1:26:45]} 24. Bxg5 {[%clk 0:21:37]} 24... hxg5 {[%clk 1:25:41]} 25.
Qxg5 {[%clk 0:22:01]} 25... Qg7 {[%clk 1:25:25]} 26. Qh4+ {[%clk 0:18:05]}
26... Kg8 {[%clk 1:25:31]} 27. g3 {[%clk 0:13:39]} 27... Kf7 {[%clk 1:25:18]}
28. Qh5+ {[%clk 0:11:43]} 28... Kf6 {[%clk 1:19:31]} 29. Nc3 {[%clk 0:09:15]}
29... Ne7 {[%clk 1:18:53]} 30. Qf3 {[%clk 0:08:36]} 30... Rh8 31. Nxd5+ { [%clk
0:06:41]} 31... Nxd5 {[%clk 1:17:06]} 32. Qxd5 {[%clk 0:07:07]} 32... Rh1+
{[%clk 1:17:07]} 33. Qxh1 {[%clk 0:07:15]} 33... Bc6 {[%clk 1:17:24]} 34. Qh4+
{[%clk 0:06:50]} 34... Kf7 {[%clk 1:17:50]} 35. Qh5+ {[%clk 0:05:21]} 35... Kf8
{[%clk 1:18:03]} 36. Qxf5+ {[%clk 0:05:37]} 36... Kg8 {[%clk 1:18:26] } 37.
Qe6+ {[%clk 0:05:32]} 37... Qf7 {[%clk 1:18:44]} 38. Qxf7+ { [%clk 0:05:48]}
38... Kxf7 {[%clk 1:19:11]} 39. Re3 {[%clk 0:05:30]} 1-0

[Event "DEM U16w 2018"]
[Site "Willingen GER"]
[Date "2018.05.24"]
[Round "7"]
[White "Ehmann, Johanna"]
[Black "Gauchel, Verena"]
[Result "1-0"]
[Termination "normal"]
[Board "7"]
[WhiteElo "1899"]
[BlackElo "1502"]
[WhiteClock "00:36:21"]
[BlackClock "00:02:55"]
[PlyCount "89"]
[WhiteFideId "12953130"]
[BlackFideId "12988537"]
[EventCountry "GER"]
[EventRounds "9"]
[EventType "swiss"]
[EventDate "2018.05.19"]

1. e4 {[%clk 1:30:57]} 1... c5 {[%clk 1:30:57]} 2. Nf3 {[%clk 1:31:22]} 2...
Nc6 {[%clk 1:31:18]} 3. d4 {[%clk 1:31:44]} 3... cxd4 {[%clk 1:31:43]} 4. Nxd4
{[%clk 1:32:06]} 4... Nf6 {[%clk 1:31:57]} 5. Nc3 {[%clk 1:32:23]} 5... e5 {
[%clk 1:32:00]} 6. Ndb5 {[%clk 1:32:40]} 6... d6 {[%clk 1:32:15]} 7. Bg5 {
[%clk 1:32:50]} 7... a6 {[%clk 1:32:09]} 8. Na3 {[%clk 1:33:07]} 8... b5 {
[%clk 1:32:32]} 9. Nd5 {[%clk 1:33:27]} 9... Be7 {[%clk 1:32:22]} 10. Bxf6 {
[%clk 1:33:44]} 10... Bxf6 {[%clk 1:32:38]} 11. c3 {[%clk 1:33:55]} 11... O-O {
[%clk 1:30:06]} 12. Nc2 {[%clk 1:34:00]} 12... Bg5 {[%clk 1:29:19]} 13. a4 {
[%clk 1:33:38]} 13... Rb8 {[%clk 1:29:03]} 14. Ncb4 {[%clk 1:28:36]} 14... Nxb4
{[%clk 1:18:32]} 15. cxb4 {[%clk 1:22:52]} 15... Be6 {[%clk 1:13:17]} 16. Be2 {
[%clk 1:15:22]} 16... Qd7 {[%clk 0:58:47]} 17. O-O {[%clk 1:13:21]} 17... Rfd8
{[%clk 0:47:37]} 18. axb5 {[%clk 1:06:02]} 18... axb5 {[%clk 0:46:44]} 19. Qd3
{[%clk 1:04:40]} 19... Rb7 {[%clk 0:39:29]} 20. Ra5 {[%clk 0:58:31]} 20... Rdb8
{[%clk 0:37:41]} 21. Rd1 {[%clk 0:54:13]} 21... Bxd5 {[%clk 0:32:10]} 22. Qxd5
{[%clk 0:52:47]} 22... Be7 {[%clk 0:32:14]} 23. Ra3 {[%clk 0:49:22]} 23... h6 {
[%clk 0:22:33]} 24. Bh5 {[%clk 0:47:16]} 24... Qe6 {[%clk 0:20:20]} 25. Qxe6 {
[%clk 0:43:13]} 25... fxe6 {[%clk 0:20:45]} 26. Bg4 {[%clk 0:41:35]} 26... Kh8
{[%clk 0:13:27]} 27. Bxe6 {[%clk 0:39:32]} 27... Rb6 {[%clk 0:10:28]} 28. Ra7 {
[%clk 0:37:30]} 28... R6b7 {[%clk 0:08:58]} 29. Rda1 {[%clk 0:36:01]} 29... Bf8
{[%clk 0:08:18]} 30. Rxb7 {[%clk 0:35:46]} 30... Rxb7 {[%clk 0:08:19]} 31. Ra8
{[%clk 0:36:00]} 31... Kh7 {[%clk 0:06:21]} 32. Rxf8 {[%clk 0:36:11]} 32... Ra7
{[%clk 0:05:38]} 33. g3 {[%clk 0:36:12]} 33... Ra4 {[%clk 0:05:39]} 34. b3 {
[%clk 0:35:13]} 34... Rxb4 {[%clk 0:05:51]} 35. Bd5 {[%clk 0:35:27]} 35... Rd4
{[%clk 0:05:03]} 36. Rd8 {[%clk 0:35:24]} 36... Rd3 {[%clk 0:03:16]} 37. Rxd6 {
[%clk 0:35:34]} 37... Rd4 {[%clk 0:03:17]} 38. f4 {[%clk 0:35:13]} 38... Rd1+ {
[%clk 0:02:48]} 39. Kg2 {[%clk 0:35:36]} 39... Rd2+ {[%clk 0:03:02]} 40. Kh3 {
[%clk 0:35:56]} 40... Rf2 {[%clk 0:03:18]} 41. f5 {[%clk 0:35:40]} 41... b4 {
[%clk 0:02:46]} 42. Rd8 {[%clk 0:35:37]} 42... h5 {[%clk 0:02:38]} 43. Bg8+ {
[%clk 0:35:35]} 43... Kh6 {[%clk 0:03:02]} 44. Rd6+ {[%clk 0:35:58]} 44... Kg5
{[%clk 0:02:55]} 45. Rg6# {[%clk 0:36:21]} 1-0

[Event "DEM U16w 2018"]
[Site "Willingen GER"]
[Date "2018.05.24"]
[Round "7"]
[White "Berelowitsch, Dana"]
[Black "Mundt, Alexandra"]
[Result "1-0"]
[Termination "normal"]
[Board "8"]
[WhiteElo "1698"]
[BlackElo "1578"]
[WhiteClock "00:06:05"]
[BlackClock "00:00:50"]
[PlyCount "75"]
[WhiteFideId "12977144"]
[BlackFideId "16217276"]
[EventCountry "GER"]
[EventRounds "9"]
[EventType "swiss"]
[EventDate "2018.05.19"]

1. e4 {[%clk 1:30:58]} 1... e5 {[%clk 1:30:55]} 2. Nf3 {[%clk 1:31:24]} 2...
Nf6 {[%clk 1:31:21]} 3. Nxe5 {[%clk 1:31:49]} 3... d6 {[%clk 1:31:45]} 4. Nf3 {
[%clk 1:32:13]} 4... Nxe4 {[%clk 1:32:09]} 5. Nc3 {[%clk 1:32:37]} 5... Nxc3 {
[%clk 1:32:26]} 6. dxc3 {[%clk 1:33:02]} 6... Nc6 {[%clk 1:32:31]} 7. Be3 {
[%clk 1:33:21]} 7... Bg4 {[%clk 1:32:12]} 8. h3 {[%clk 1:32:53]} 8... Be6 {
[%clk 1:28:27]} 9. Qd2 {[%clk 1:32:45]} 9... Be7 {[%clk 1:27:49]} 10. O-O-O {
[%clk 1:32:45]} 10... Na5 {[%clk 1:14:26]} 11. Kb1 {[%clk 1:27:28]} 11... O-O {
[%clk 1:09:49]} 12. Ng5 {[%clk 1:24:25]} 12... Bc4 {[%clk 1:00:58]} 13. h4 {
[%clk 1:22:02]} 13... b5 {[%clk 0:48:16]} 14. Bd3 {[%clk 1:17:37]} 14... h6 {
[%clk 0:43:54]} 15. Qe2 {[%clk 1:05:33]} 15... Bxd3 {[%clk 0:42:43]} 16. cxd3 {
[%clk 1:01:00]} 16... Nc6 {[%clk 0:33:32]} 17. Nf3 {[%clk 0:53:56]} 17... b4 {
[%clk 0:31:22]} 18. c4 {[%clk 0:53:24]} 18... Re8 {[%clk 0:28:10]} 19. g4 {
[%clk 0:47:03]} 19... d5 {[%clk 0:25:33]} 20. Qf1 {[%clk 0:43:15]} 20... Qd7 {
[%clk 0:21:14]} 21. h5 {[%clk 0:36:37]} 21... Qxg4 {[%clk 0:14:25]} 22. Nd2 {
[%clk 0:31:15]} 22... dxc4 {[%clk 0:12:27]} 23. Nxc4 {[%clk 0:30:46]} 23... Kh8
{[%clk 0:11:54]} 24. f3 {[%clk 0:29:04]} 24... Qf5 {[%clk 0:11:07]} 25. Qg2 {
[%clk 0:27:39]} 25... Bf6 {[%clk 0:10:48]} 26. f4 {[%clk 0:26:19]} 26... Ne7 {
[%clk 0:10:05]} 27. Ka1 {[%clk 0:22:34]} 27... Nd5 {[%clk 0:09:23]} 28. Bc1 {
[%clk 0:22:27]} 28... a5 {[%clk 0:07:38]} 29. Rhg1 {[%clk 0:17:28]} 29... a4 {
[%clk 0:04:59]} 30. Ne5 {[%clk 0:15:47]} 30... Bxe5 {[%clk 0:04:00]} 31. fxe5 {
[%clk 0:16:05]} 31... Qxe5 {[%clk 0:04:05]} 32. d4 {[%clk 0:16:08]} 32... Qf6 {
[%clk 0:01:54]} 33. Qxd5 {[%clk 0:15:23]} 33... a3 {[%clk 0:02:17]} 34. Qg2 {
[%clk 0:13:21]} 34... Rg8 {[%clk 0:00:42]} 35. Qf1 {[%clk 0:06:49]} 35... axb2+
{[%clk 0:00:38]} 36. Bxb2 {[%clk 0:06:56]} 36... Qe6 {[%clk 0:00:34]} 37. d5 {
[%clk 0:06:36]} 37... Qb6 {[%clk 0:00:50]} 38. Qxf7 {[%clk 0:06:05]} 1-0

[Event "DEM U16w 2018"]
[Site "Willingen GER"]
[Date "2018.05.24"]
[Round "7"]
[White "Voß, Henrike"]
[Black "Puls, Luisa"]
[Result "1-0"]
[Termination "normal"]
[Board "9"]
[WhiteElo "1577"]
[BlackElo "1408"]
[WhiteClock "00:12:50"]
[BlackClock "00:19:55"]
[PlyCount "105"]
[WhiteFideId "12971910"]
[BlackFideId "16266005"]
[EventCountry "GER"]
[EventRounds "9"]
[EventType "swiss"]
[EventDate "2018.05.19"]

1. e4 {[%clk 1:30:55]} 1... e5 {[%clk 1:30:53]} 2. Nf3 {[%clk 1:31:20]} 2... d6
{[%clk 1:31:17]} 3. Bc4 {[%clk 1:29:22]} 3... Be7 {[%clk 1:31:05]} 4. d4 {
[%clk 1:29:15]} 4... exd4 {[%clk 1:31:27]} 5. Nxd4 {[%clk 1:27:43]} 5... Nf6 {
[%clk 1:31:02]} 6. Nc3 {[%clk 1:27:32]} 6... O-O {[%clk 1:30:59]} 7. Bd3 {
[%clk 1:15:13]} 7... c6 {[%clk 1:29:02]} 8. Bf4 {[%clk 1:13:03]} 8... Re8 {
[%clk 1:27:10]} 9. O-O {[%clk 1:09:39]} 9... Bf8 {[%clk 1:25:49]} 10. Qd2 {
[%clk 1:07:51]} 10... b5 {[%clk 1:23:07]} 11. a3 {[%clk 1:01:08]} 11... a6 {
[%clk 1:20:56]} 12. Nf3 {[%clk 0:56:25]} 12... c5 {[%clk 1:15:16]} 13. e5 {
[%clk 0:38:55]} 13... dxe5 {[%clk 1:08:10]} 14. Bxe5 {[%clk 0:38:13]} 14... Nc6
{[%clk 0:59:03]} 15. Bxf6 {[%clk 0:30:24]} 15... Qxf6 {[%clk 0:59:11]} 16. Nd5
{[%clk 0:29:43]} 16... Qd6 {[%clk 0:58:03]} 17. Rad1 {[%clk 0:26:06]} 17... Bb7
{[%clk 0:50:38]} 18. Qg5 {[%clk 0:22:14]} 18... Be7 {[%clk 0:41:39]} 19. Qh5 {
[%clk 0:18:36]} 19... g6 {[%clk 0:40:39]} 20. Nxe7+ {[%clk 0:18:42]} 20... Nxe7
{[%clk 0:39:03]} 21. Ng5 {[%clk 0:17:46]} 21... gxh5 {[%clk 0:36:14]} 22. Bxh7+
{[%clk 0:18:10]} 22... Kg7 {[%clk 0:35:10]} 23. Rxd6 {[%clk 0:18:22]} 23... f6
{[%clk 0:32:56]} 24. Ne4 {[%clk 0:18:36]} 24... Nc8 {[%clk 0:23:36]} 25. Rd7+ {
[%clk 0:16:39]} 25... Re7 {[%clk 0:23:38]} 26. Rfd1 {[%clk 0:16:17]} 26... Kxh7
{[%clk 0:22:17]} 27. Rxe7+ {[%clk 0:15:43]} 27... Nxe7 {[%clk 0:22:17]} 28. Rd7
{[%clk 0:16:01]} 28... Bxe4 {[%clk 0:20:32]} 29. Rxe7+ {[%clk 0:16:25]} 29...
Kg6 {[%clk 0:20:52]} 30. Rxe4 {[%clk 0:16:50]} 30... Rd8 {[%clk 0:21:11]} 31.
Kf1 {[%clk 0:15:10]} 31... Rd2 {[%clk 0:20:57]} 32. Re2 {[%clk 0:14:50]} 32...
Rd1+ {[%clk 0:21:09]} 33. Re1 {[%clk 0:14:43]} 33... Rd2 {[%clk 0:21:30]} 34.
Re2 {[%clk 0:15:11]} 34... Rd1+ {[%clk 0:21:51]} 35. Re1 {[%clk 0:15:33]} 35...
Rd2 {[%clk 0:22:11]} 36. Rc1 {[%clk 0:16:01]} 36... Kg5 {[%clk 0:17:37]} 37.
Ke1 {[%clk 0:16:02]} 37... Rd4 {[%clk 0:17:07]} 38. Rd1 {[%clk 0:15:19]} 38...
Rxd1+ {[%clk 0:14:24]} 39. Kxd1 {[%clk 0:14:08]} 39... Kf4 {[%clk 0:13:44]} 40.
Kd2 {[%clk 0:13:20]} 40... h4 {[%clk 0:11:53]} 41. h3 {[%clk 0:08:39]} 41... a5
{[%clk 0:07:56]} 42. Kd3 {[%clk 0:04:56]} 42... f5 {[%clk 0:05:10]} 43. c4 {
[%clk 0:24:57]} 43... b4 {[%clk 0:31:27]} 44. axb4 {[%clk 0:23:58]} 44... axb4
{[%clk 0:31:34]} 45. b3 {[%clk 0:12:17]} 45... Ke5 {[%clk 0:25:58]} 46. g3 {
[%clk 0:12:03]} 46... hxg3 {[%clk 0:24:11]} 47. fxg3 {[%clk 0:12:26]} 47... Kf6
{[%clk 0:23:50]} 48. h4 {[%clk 0:12:06]} 48... Kg6 {[%clk 0:22:09]} 49. Ke3 {
[%clk 0:12:22]} 49... Kh6 {[%clk 0:20:55]} 50. Kf4 {[%clk 0:12:36]} 50... Kg6 {
[%clk 0:21:06]} 51. h5+ {[%clk 0:12:48]} 51... Kxh5 {[%clk 0:19:57]} 52. Kxf5 {
[%clk 0:13:10]} 52... Kh6 {[%clk 0:19:55]} 53. Ke5 {[%clk 0:12:50]} 1-0

[Event "DEM U16w 2018"]
[Site "Willingen GER"]
[Date "2018.05.24"]
[Round "7"]
[White "Schiewe, Nadin"]
[Black "Kühne, Maria"]
[Result "1/2-1/2"]
[Termination "normal"]
[Board "10"]
[WhiteElo "1598"]
[BlackElo "1614"]
[WhiteClock "00:49:32"]
[BlackClock "00:40:49"]
[PlyCount "49"]
[WhiteFideId "16209079"]
[BlackFideId "12997412"]
[EventCountry "GER"]
[EventRounds "9"]
[EventType "swiss"]
[EventDate "2018.05.19"]

1. e4 {[%clk 1:30:57]} 1... Nc6 {[%clk 1:30:51]} 2. g3 {[%clk 1:30:45]} 2...
Nf6 {[%clk 1:29:46]} 3. Bg2 {[%clk 1:30:27]} 3... d6 {[%clk 1:27:39]} 4. Nc3 {
[%clk 1:29:01]} 4... e5 {[%clk 1:25:04]} 5. Nge2 {[%clk 1:27:48]} 5... Be7 {
[%clk 1:24:17]} 6. d3 {[%clk 1:27:15]} 6... Be6 {[%clk 1:21:25]} 7. f4 { [%clk
1:24:22]} 7... a6 {[%clk 1:15:34]} 8. Be3 {[%clk 1:19:44]} 8... Ng4 { [%clk
1:11:06]} 9. Qd2 {[%clk 1:19:21]} 9... Nb4 {[%clk 1:03:05]} 10. O-O-O { [%clk
1:17:04]} 10... Nxe3 {[%clk 1:01:03]} 11. Qxe3 {[%clk 1:17:15]} 11... c5 {[%clk
1:00:06]} 12. a3 {[%clk 1:11:08]} 12... Nc6 {[%clk 1:00:20]} 13. Nd5 { [%clk
1:09:36]} 13... Rc8 {[%clk 0:53:17]} 14. Qf2 {[%clk 1:04:23]} 14... b5 { [%clk
0:49:07]} 15. Rdf1 {[%clk 0:57:31]} 15... Qa5 {[%clk 0:46:15]} 16. Nxe7 { [%clk
0:56:35]} 16... Nxe7 {[%clk 0:46:20]} 17. f5 {[%clk 0:56:08]} 17... Bd7 { [%clk
0:46:37]} 18. f6 {[%clk 0:56:13]} 18... gxf6 {[%clk 0:45:34]} 19. Qxf6 { [%clk
0:56:26]} 19... Rf8 {[%clk 0:45:51]} 20. Qxd6 {[%clk 0:55:12]} 20... Ng6 {[%clk
0:45:15]} 21. Nc3 {[%clk 0:52:07]} 21... Rc6 {[%clk 0:44:22]} 22. Qb8+ { [%clk
0:50:02]} 22... Rc8 {[%clk 0:43:46]} 23. Qd6 {[%clk 0:49:31]} 23... Rc6 { [%clk
0:40:23]} 24. Qb8+ {[%clk 0:49:15]} 24... Rc8 {[%clk 0:40:49]} 25. Qd6 { [%clk
0:49:32]} 1/2-1/2